Guess the 1970s song lyrics #185 - Statistics

General Stats
  • This quiz has been taken 24 times
  • The average score is 103 of 229
Answer Stats
Answer % Correct
I
100%
the
89%
you
89%
You
89%
a
84%
and
84%
And
84%
in
74%
my
74%
when
74%
it
68%
if
63%
is
63%
to
63%
with
63%
be
58%
do
58%
like
58%
it's
53%
on
53%
On
53%
you're
53%
by
47%
Just
47%
mind
47%
So
47%
were
47%
baby
42%
But
42%
but
42%
here
42%
I've
42%
know
42%
could
37%
got
37%
I'd
37%
I'll
37%
I'm
37%
make
37%
would
37%
how
32%
life
32%
oh
32%
Ooh
32%
ooh
32%
Ah
26%
ah
26%
away
26%
that's
26%
though
26%
time
26%
try
26%
well
26%
wishing
26%
Wishing
26%
Even
21%
far
21%
still
21%
job
16%
knows
16%
nights
16%
aways
11%
heavy
11%
load
11%
Lord
11%
Pay
11%
price
11%
road
11%
sacrifice
11%
tonight
11%
another
5%
change
5%
Change
5%
different
5%
dreamless
5%
guess
5%
Heaven
5%
hours
5%
old
5%
Same
5%
show
5%
shows
5%
Sleepless
5%
town
5%
No matching quizzes found
Score Distribution
Percent of People with Each Score
Percentile by Number Answered
Your Score History
You have not taken this quiz